<?xml version="1.0" encoding="UTF-8"?>
<record
    xmlns:xsi="http://www.w3.org/2001/XMLSchema-instance"
    xsi:schemaLocation="http://www.loc.gov/MARC21/slim http://www.loc.gov/standards/marcxml/schema/MARC21slim.xsd"
    xmlns="http://www.loc.gov/MARC21/slim">

  <leader>00644nam a22002057a 4500</leader>
  <controlfield tag="005">20260303140901.0</controlfield>
  <datafield tag="082" ind1=" " ind2=" ">
    <subfield code="a">630</subfield>
    <subfield code="b">ANA/CO PG</subfield>
  </datafield>
  <datafield tag="100" ind1=" " ind2=" ">
    <subfield code="a">Anand, R Das</subfield>
  </datafield>
  <datafield tag="245" ind1=" " ind2=" ">
    <subfield code="a">Composting of deep litter poultry waste and its effect of Okra (Abelmoschus esculentus (L.) Moench)</subfield>
  </datafield>
  <datafield tag="260" ind1=" " ind2=" ">
    <subfield code="a">Vellayani</subfield>
    <subfield code="b">Department of Agronomy, College of Agriculture</subfield>
    <subfield code="c">2025</subfield>
  </datafield>
  <datafield tag="300" ind1=" " ind2=" ">
    <subfield code="a">x,213p.</subfield>
  </datafield>
  <datafield tag="502" ind1=" " ind2=" ">
    <subfield code="a">MSc</subfield>
  </datafield>
  <datafield tag="650" ind1=" " ind2=" ">
    <subfield code="a">Agronomy</subfield>
  </datafield>
  <datafield tag="650" ind1=" " ind2=" ">
    <subfield code="a">Okra</subfield>
  </datafield>
  <datafield tag="650" ind1=" " ind2=" ">
    <subfield code="a">Abelmoschus esculentus (L.) Moench</subfield>
  </datafield>
  <datafield tag="650" ind1=" " ind2=" ">
    <subfield code="a">Poultry waste</subfield>
  </datafield>
  <datafield tag="700" ind1=" " ind2=" ">
    <subfield code="a">Sheeja, K Raj (Guide)</subfield>
  </datafield>
  <datafield tag="856" ind1=" " ind2=" ">
    <subfield code="u">https://krishikosh.egranth.ac.in/handle/1/5810234622</subfield>
  </datafield>
  <datafield tag="942" ind1=" " ind2=" ">
    <subfield code="2">ddc</subfield>
    <subfield code="c">TH</subfield>
  </datafield>
  <datafield tag="999" ind1=" " ind2=" ">
    <subfield code="c">374394</subfield>
    <subfield code="d">374394</subfield>
  </datafield>
  <datafield tag="952" ind1=" " ind2=" ">
    <subfield code="0">0</subfield>
    <subfield code="1">0</subfield>
    <subfield code="4">0</subfield>
    <subfield code="7">1</subfield>
    <subfield code="8">TH</subfield>
    <subfield code="a">KAUCLV</subfield>
    <subfield code="b">KAUCLV</subfield>
    <subfield code="c">TECH</subfield>
    <subfield code="d">2026-02-21</subfield>
    <subfield code="l">0</subfield>
    <subfield code="o">630 ANA/CO PG</subfield>
    <subfield code="p">176731</subfield>
    <subfield code="r">2026-02-21 08:48:03</subfield>
    <subfield code="w">2026-02-21</subfield>
    <subfield code="y">TH</subfield>
  </datafield>
</record>
